|
|
|
|
| LEADER |
01251nam a2200277 a 4500 |
| 001 |
11805374 |
| 008 |
091217s1999 sz ab b i000 0 eng d |
| 010 |
|
|
|a 99514715
|
| 020 |
|
|
|a 9241561955
|
| 040 |
|
|
|a OUN
|c OUN
|d NNC-M
|d DLC
|d BD-DhAAL
|
| 082 |
0 |
0 |
|a 362.198/2
|2 21
|
| 245 |
0 |
0 |
|a Reduction of maternal mortality /
|c a joint WHO/UNFPA/UNICEF/World Bank statement.
|
| 260 |
|
|
|a Geneva :
|b World Health Organization,
|c 1999.
|
| 300 |
|
|
|a 40 p. :
|b ill., map ;
|c 21 cm.
|
| 504 |
|
|
|a Includes bibliographical references (p. 38-39).
|
| 541 |
1 |
|
|e 00007434
|
| 650 |
|
0 |
|a Mothers
|x Mortality.
|
| 650 |
|
0 |
|a Maternal health services.
|
| 650 |
|
2 |
|a Maternal Mortality
|
| 650 |
|
2 |
|a Risk Factors
|
| 650 |
|
2 |
|a Interinstitutional Relations
|
| 710 |
2 |
|
|a World Health Organization.
|
| 852 |
4 |
|
|a Ayesha Abed Library
|j General Shelf.
|
| 999 |
|
|
|c 6245
|d 6245
|
| 952 |
|
|
|0 0
|1 0
|2 ddc
|4 0
|6 362_198200000000000_RED_1999
|7 0
|9 6275
|a BRACUL
|b BRACUL
|c GEN
|d 2009-12-20
|g 0.00
|l 0
|o 362.1982 RED
|p 3010007434
|r 2009-12-20
|t 1
|w 2009-12-20
|y BK
|x No price found in the accession register.
|
| 952 |
|
|
|0 0
|1 4
|2 ddc
|4 0
|6 362_198200000000000_RED
|7 0
|9 6276
|a BRACUL
|b BRACUL
|c GEN
|d 2009-12-20
|g 0.00
|l 0
|o 362.1982 RED
|p 3010007319
|r 2009-12-20
|t 2
|w 2009-12-20
|y BK
|x No price found in the accession register.
|